Films de Joel et Ethan Coen par images - Statistiques

Statistiques générales
  • Ce quiz a été pris 286 fois
  • Le résultat moyen est 5 sur 12
Statistiques - réponses
Par images Réponse % Correct
The Big Lebowski
91%
No Country for Old Men
86%
Fargo
82%
O'Brother
70%
Burn After Reading
47%
True Grit
45%
Ave, César !
38%
Barton Fink
29%
Inside Llewyn Davis
18%
La Ballade de Buster Scruggs
15%
Ladykillers
15%
A Serious Man
14%
Aucun quiz correspondant
Distribution des résultats
% des personnes avec chaque résultat
Percentile par nombre de réponses
Votre historique - résultats
Vous n’avez pas pris ce quiz